00533nam a2200145Ia 4500008004100000020001800041041000800059082001900067100002700086245020800113250000600321260003900327300001200366650000900378210716s2016 xx 000 0 und d a9781784395513 aeng a005.76812 SANS aSankhe Savale, Shweta. aTableau cookbook recipes for data visualization: create beautiful data visulizations and interactive dashboards with tableau.bCreate beautiful data visulizations and interactive dashboards with tableau. a1 aMumbaibPackt Publishing Ltdc2016 axii,483 aNone